<?xml version="1.0" encoding="UTF-8"?>
<collection xmlns="http://www.loc.gov/MARC21/slim">
 <record>
  <leader>00611pamaa2200169   4500</leader>
  <controlfield tag="001">0000045836</controlfield>
  <controlfield tag="005">20090815090000.0</controlfield>
  <controlfield tag="008">090814                             eng  </controlfield>
  <datafield tag="020" ind1="0" ind2="0">
   <subfield code="a">9789834352103 (pbk.) </subfield>
  </datafield>
  <datafield tag="090" ind1="0" ind2="0">
   <subfield code="a">DS595.2.M2 </subfield>
   <subfield code="b">ZAI 2007</subfield>
  </datafield>
  <datafield tag="100" ind1="1" ind2="1">
   <subfield code="a">Zaid Ibrahim </subfield>
  </datafield>
  <datafield tag="245" ind1="1" ind2="0">
   <subfield code="a">In good faith : </subfield>
   <subfield code="b">articles, essays, and interviews  </subfield>
   <subfield code="c">Zaid Ibrahim; </subfield>
   <subfield code="f">with an introduction by Tun Musa Hitam.</subfield>
  </datafield>
  <datafield tag="260" ind1="0" ind2="0">
   <subfield code="a">Petaling Jaya: </subfield>
   <subfield code="b">ZI Publications Sdn Bhd., </subfield>
   <subfield code="c">2007.</subfield>
  </datafield>
  <datafield tag="300" ind1=" " ind2=" ">
   <subfield code="a">364 p: </subfield>
   <subfield code="b">ill.; </subfield>
   <subfield code="c">19 cm.</subfield>
  </datafield>
  <datafield tag="650" ind1="0" ind2="0">
   <subfield code="a">Malays -- </subfield>
   <subfield code="x">Attitudes </subfield>
  </datafield>
  <datafield tag="650" ind1="0" ind2="0">
   <subfield code="a">Malays -- </subfield>
   <subfield code="x">Politics and government </subfield>
  </datafield>
  <datafield tag="901" ind1=" " ind2=" ">
   <subfield code="u">http://www.zipublications.com.my</subfield>
  </datafield>
 </record>
</collection>
